000 00648nam a2200217Ia 4500
003 GCL
008 140319s9999 xx 000 0 ara d
040 _aGCL /
_cGCL
082 0 4 _a843
_bه أ
100 1 _aهنريو
245 1 0 _aاريسى بران او الفضائل البورجوازية /
_cهنريو
700 1 _aاميل
700 1 _aاحمد رضا
300 _a317 ص
490 _aروايات عالمية من الادب الفرنسى
_v0
650 0 4 _aالادب
650 0 4 _aالادب الفرنسى
650 0 4 _aالادب الفارسى
650 0 4 _aالادب الفرنسى المترجم
942 _2ddc
_cBK
999 _c42764
_d42764